| 000 | 00394nam a2200157Ia 4500 | ||
|---|---|---|---|
| 008 | 230917s9999||||xx |||||||||||||| ||und|| | ||
| 040 |
_e64219 _aMAIN |
||
| 041 | _aEnglish | ||
| 082 | _a586 S57C | ||
| 100 | _aSmith, Gilbert M | ||
| 245 | 0 | _aCryptogamic botony, v.1 algae and fungi | |
| 250 | _a2nd ed. | ||
| 260 |
_aNew Delhi _bTata McGraw-Hill _c1984 |
||
| 300 | _aix, 546 p. | ||
| 942 | _cBK | ||
| 999 |
_c43187 _d43187 |
||